| 000 | 01063cam a2200217 4500 | ||
|---|---|---|---|
| 001 | WB3709-02 | ||
| 008 | 000000n2001 000 0 eng u | ||
| 035 | _a(Sirsi) u111207 | ||
| 245 | _aAsbestos check for every home | ||
| 260 | _c2001 | ||
| 490 |
_aConstruction News _v(6704) 22 February 2001, 1(1) |
||
| 520 | _aPlans by the Health and Safety Commission to set up a register of potentially dangerous homes could lead to surveys of over 20m properties for asbestos. The scheme, which aims to allow construction workers and tradesmen to check for asbestos risk before they start work on a property, could cost £4bn if the planned inspections go ahead. It is estimated that more than 6m tonnes of blue and brown asbestos remain in buildings across the UK. | ||
| 590 | _aWB | ||
| 650 | _aMANAGEMENT-HEALTH AND SAFETY-HAZARDOUS SUBSTANCES-ASBESTOS | ||
| 650 | _aASBESTOS REGISTER | ||
| 650 | _aHEALTH AND SAFETY COMMISSION | ||
| 650 | _aHOUSING | ||
| 650 |
_aRESIDENTIAL PROPERTY _96266 |
||
| 690 | _aBUILT ENVIRONMENT-BUILDING STANDARDS | ||
| 942 | _n0 | ||
| 999 |
_c66253 _d66253 |
||